02057nam a22002537a 4500008004100000020001800041050002000059100003900079245021100118260004700329300002800376336001000404337001400414338001200428505091100440519012201351650003001473650005901503700003801562700005801600942001201658952011601670999001701786160517s mx ||||| |||| 00| 0 spa d a978849060563914aHQ783bS75 2016 aStiglitz, Joseph E.eautor93457610aLa creación de una sociedad del aprendizaje b : una nueva aproximación al crecimiento, el desarrollo y el progreso socialc / Joseph E. Stiglitz, Bruce C. Greenwald ; Alma Alexandra García Martínez3 aMadridb: La esfera de los librosc, 2014. a528 páginasc; 23 cm. atexto asin medio avolumen aParte I La creación de una sociedad del aprendizaje La revolución del aprendizaje Sobre la importancia del aprendizaje Una economía del aprendizaje Creando una empresa que aprende y un ambiente de aprendizaje Estructura de mercado, bienestar y aprendizaje La economía del bienestar de la competencia schupeteriana El aprendizaje en una economía cerrada El argumento a favor de la protección de las economías incipientes: las políticas comerciales en un ambiente de aprendizaje Parte II Políticas para una sociedad del aprendizaje El papel de las políticas industriales y comerciales en la creación de una sociedad del aprendizaje Las políticas financieras y la creación de una sociedad del aprendizaje Políticas macroeconómicas y de inversión para una sociedad del aprendizaje Propiedad intelectual La transformación social y la creación de una sociedad del aprendizaje aPlan Flexible /bMaestría en Educación /cTemas selectos de sociología de la educación (B03-3) /d(08 005864)14aAPRENDIZAJE SOCIAL93457720aSOCIEDAD DE LA INFORMACIÓNxASPECTOS SOCIALES9266651 aGreenwald, Bruce C.eautor9345781 aGarcía Martínez, Alma Alexandraetraductor934579 2lcccLB 00102lcc4070a08b08d2016-05-17l4m1oHQ783 S75 2016p08 005864r2019-04-10s2019-04-10t1w2016-05-17yLB c99698d99698